000
00266nam a22001097a 4500
082
_a
320/SIN
100
_a
Singh, Arimardan
_9
79012
245
_a
Indian Government and Politics
260
_a
Jaipur
_b
RBSA Publishers
_c
2019
650
_a
Political science
942
_c
BK
999
_c
65605
_d
65605